| 000 | 00918nac a22001811u 4500 | ||
|---|---|---|---|
| 008 | 101220s1999 xxu||||| |||| 00| 0 ara d | ||
| 020 | _a9981261734 | ||
| 082 |
_a622.3382 _bق ا ض |
||
| 100 | 1 |
_aالقاضي ، محمد _921598 |
|
| 110 |
_aAl Monazama Al Islameya Lel Tarbeya Wa Al Oloom Wa Al Thakafa _921602 |
||
| 245 |
_aتقانة إنتاج النفط / _cمحمد القاضي |
||
| 260 |
_aالرباط : _bالمنظمة الإسلامية للتربية والعلوم والثقافة ،1999 _c1999. |
||
| 300 |
_a214 ص ؛ _c24 سم. |
||
| 504 | _aيشتمل على إرجاعات ببليوجرافية ص 214-219 | ||
| 650 |
_aالبترول _921964 _xاستخراج |
||
| 942 |
_cBB _k622.3382 ق ا ض _2ddc |
||
| 999 |
_c6723 _d6723 |
||